Countries best and worst relations 1914 - Statistics

General Stats
  • This quiz has been taken 66 times
  • The average score is 9 of 10
Answer Stats
Hint Answer % Correct
United kingdom best France
98%
Russia best France
98%
United kingdom worst Germany
98%
Ottoman best Germany
98%
Russia worst Germany
98%
Germany worst Russia
96%
Germany best Austria hungary
93%
Ottoman worst United kingdom
80%
Italy best Spain
76%
Italy worst Ottoman
65%
No matching quizzes found
Score Distribution
Percent of People with Each Score
Percentile by Number Answered
Your Score History
You have not taken this quiz